000 00394nam a22001697a 4500
003 koha_MIRAKIL
005 20231213095551.0
008 231213b |||||||| |||| 00| 0 ||| d
040 _aTR-IsEVY
_btur
_cTR-IsEVY
082 _a810 FİR/P
100 _aFİRUZAN,.
245 0 _aPARASIZ YATILI.
260 _bBilgi,
_c1972
300 _a197.
650 _aTürk Edebiyatı.
942 _2ddc
_cBK
999 _c5799
_d5799